000 00684nam a2200241Ia 4500
003 OSt
005 20220923230645.0
006 a|||||r|||| 00| 0
007 ta
008 220922b |||||||| |||| 00| 0 hin d
024 _a302,055
037 _cTextual
040 _aARTS
_cARTS
_bhin
041 _2hin
_ahin
082 _aO157,3N12,62, 152N1.1
100 _aमित्र, बिमल
245 0 _aयह नरदेह
246 _aYah naradeha
260 _c1991
650 _aबंगाली साहित्य
_9156264
942 _hO157,3N12,62, 152N1.1
_cTEXL
_2CC
999 _c386332
_d386332